AAAAAAAAAAAAAAAAAAAAAAAAAAAAAAAAAAAAAAAAAAAAAAAAAAA - Statistics

General Stats
  • This quiz has been taken 77 times
  • The average score is 416 of 500
Answer Stats
Answer % Correct
A
100%
A
100%
A
100%
A
100%
A
100%
A
100%
A
100%
A
100%
A
100%
A
100%
A
100%
A
100%
A
100%
A
100%
A
100%
A
100%
A
100%
A
100%
A
100%
A
100%
A
100%
A
100%
A
100%
A
100%
A
100%
A
100%
A
100%
A
100%
A
100%
A
100%
A
100%
A
100%
A
100%
A
100%
A
100%
A
100%
A
100%
A
100%
A
100%
A
100%
A
100%
A
100%
A
100%
A
100%
A
100%
A
100%
A
100%
A
100%
A
100%
A
100%
A
100%
A
100%
A
100%
A
100%
A
100%
A
100%
A
100%
A
100%
A
100%
A
100%
A
100%
A
100%
A
100%
A
100%
A
100%
A
100%
A
100%
A
100%
A
100%
A
100%
A
100%
A
100%
A
100%
A
100%
A
100%
A
100%
A
100%
A
100%
A
100%
A
100%
A
100%
A
100%
A
100%
A
100%
A
100%
A
100%
A
100%
A
100%
A
100%
A
100%
A
100%
A
100%
A
100%
A
100%
A
100%
A
100%
A
100%
A
100%
A
100%
A
100%
A
100%
A
100%
A
100%
A
100%
A
100%
A
100%
A
100%
A
96%
A
96%
A
96%
A
96%
A
96%
A
96%
A
96%
A
96%
A
96%
A
96%
A
96%
A
96%
A
96%
A
96%
A
96%
A
96%
A
96%
A
96%
A
96%
A
96%
A
96%
A
96%
A
96%
A
96%
A
96%
A
96%
A
96%
A
96%
A
96%
A
96%
A
96%
A
96%
A
96%
A
96%
A
96%
A
96%
A
96%
A
96%
A
96%
A
96%
A
96%
A
96%
A
96%
A
96%
A
96%
A
96%
A
96%
A
96%
A
96%
A
96%
A
96%
A
96%
A
96%
A
96%
A
96%
A
96%
A
96%
A
96%
A
96%
A
96%
A
96%
A
96%
A
96%
A
93%
A
93%
A
93%
A
93%
A
89%
A
89%
A
89%
A
89%
A
89%
A
89%
A
89%
A
89%
A
89%
A
89%
A
89%
A
89%
A
89%
A
89%
A
89%
A
89%
A
89%
A
89%
A
89%
A
89%
A
89%
A
89%
A
89%
A
89%
A
89%
A
89%
A
89%
A
89%
A
89%
A
89%
A
89%
A
89%
A
89%
A
89%
A
89%
A
89%
A
89%
A
89%
A
89%
A
89%
A
89%
A
89%
A
89%
A
89%
A
89%
A
89%
A
89%
A
89%
A
89%
A
89%
A
89%
A
89%
A
89%
A
89%
A
89%
A
89%
A
89%
A
89%
A
89%
A
89%
A
89%
A
89%
A
89%
A
89%
A
89%
A
89%
A
89%
A
89%
A
89%
A
89%
A
89%
A
89%
A
89%
A
89%
A
89%
A
89%
A
89%
A
89%
A
89%
A
89%
A
89%
A
89%
A
89%
A
89%
A
89%
A
89%
A
89%
A
89%
A
89%
A
89%
A
85%
A
85%
A
85%
A
85%
A
85%
A
85%
A
81%
A
81%
A
81%
A
81%
A
81%
A
81%
A
81%
A
81%
A
81%
A
81%
A
81%
A
81%
A
81%
A
81%
A
81%
A
81%
A
81%
A
78%
A
78%
A
78%
A
78%
A
78%
A
78%
A
78%
A
78%
A
78%
A
78%
A
78%
A
78%
A
78%
A
78%
A
78%
A
78%
A
78%
A
78%
A
78%
A
78%
A
78%
A
78%
A
78%
A
78%
A
78%
A
78%
A
78%
A
78%
A
78%
A
78%
A
78%
A
78%
A
74%
A
74%
A
74%
A
74%
A
74%
A
74%
A
74%
A
74%
A
74%
A
74%
A
74%
A
74%
A
74%
A
74%
A
74%
A
74%
A
74%
A
74%
A
74%
A
74%
A
74%
A
74%
A
74%
A
74%
A
74%
A
74%
A
74%
A
74%
A
74%
A
70%
A
70%
A
70%
A
70%
A
70%
A
70%
A
70%
A
70%
A
70%
A
70%
A
70%
A
70%
A
70%
A
70%
A
70%
A
70%
A
70%
A
70%
A
70%
A
70%
A
70%
A
70%
A
70%
A
70%
A
70%
A
70%
A
70%
A
67%
A
67%
A
67%
A
67%
A
67%
A
67%
A
67%
A
67%
A
67%
A
67%
A
67%
A
67%
A
67%
A
67%
A
67%
A
67%
A
67%
A
67%
A
67%
A
67%
A
67%
A
67%
A
67%
A
67%
A
67%
A
67%
A
67%
A
67%
A
67%
A
67%
A
67%
A
67%
A
67%
A
67%
A
63%
A
63%
A
63%
A
63%
A
63%
A
63%
A
63%
A
63%
A
63%
A
63%
A
63%
A
63%
A
63%
A
63%
A
63%
A
63%
A
63%
A
63%
A
63%
A
63%
A
63%
A
63%
A
63%
A
63%
A
63%
A
63%
A
63%
A
63%
A
63%
A
63%
A
63%
A
63%
A
63%
A
63%
A
63%
A
63%
A
63%
A
63%
A
63%
A
63%
A
63%
A
63%
A
63%
A
63%
A
63%
A
63%
A
63%
A
63%
A
63%
A
63%
A
63%
A
63%
A
63%
A
63%
A
63%
A
63%
A
63%
A
63%
A
63%
A
63%
A
63%
A
63%
A
63%
A
63%
A
63%
A
63%
A
63%
A
63%
A
63%
A
63%
A
63%
A
63%
A
63%
A
63%
A
63%
A
63%
A
63%
A
63%
A
63%
A
63%
A
63%
A
63%
A
63%
A
63%
A
63%
A
63%
A
63%
A
63%
A
63%
A
63%
A
63%
No matching quizzes found
Score Distribution
Percent of People with Each Score
Percentile by Number Answered
Your Score History
You have not taken this quiz